000 00449nam a2200145Ia 4500
005 20260304111309.0
022 _a2214-4403
050 _aRK300 .O73
245 _aOral Surgery, Oral Medicine, Oral Pathology, Oral Radiology
250 _aVol. 140, No. 7
260 _aNew York/London
_bElsevier
_c2025
300 _a : ill. ; 28 cm.
650 _aDentistry, Oral Surgery & Medicine, Oral Pathology, Oral Radiology---periodicals
942 _cSR
_2lcc
999 _c37364
_d37364